000 00357nam a22001577a 4500
003 OSt
005 20250311142754.0
008 250311b |||||||| |||| 00| 0 eng d
040 _cMRSPTU
100 _aHarwinder
245 _aWifed in India ( Hindi )
250 _a1st
260 _bKaya Delight Pvt. Ltd.
_c2024
300 _a353
942 _2ddc
_cBK
_n0
999 _c10493
_d10493